EL VOTO Y LA REPRESENTACION DEMOCRATICA /

Salvato in:
Dettagli Bibliografici
Natura: Libro
Serie:APUNTES DE CULTURA DEMOCRATICA ; 3
Soggetti:
Tags: Aggiungi Tag
Nessun Tag, puoi essere il primo ad aggiungerne!!

MARC

LEADER 00000nam^a2200000^a^4500
001 000246536
005 20250521000000.0
009 20260526133014.857
020 |a 968-6581-98-7 
035 |a 070128 
037 |a Acervo Xavier Clavigero 
082 |a 324. 62 VOT 
245 1 3 |a EL VOTO Y LA REPRESENTACION DEMOCRATICA /  |c INSTITUTO FEDERAL ELECTORAL 
264 |a MEXICO :  |b IFE,  |c 1997 
300 |a 30 p. :  |b il. 
336 |a texto  |b txt  |2 rdacontenido 
337 |a sin mediación  |b n  |2 rdamedio 
338 |a volumen  |b nc  |2 rdasoporte 
440 |a APUNTES DE CULTURA DEMOCRATICA ;  |v 3 
649 |a XX 
650 |a SUFRAGIO. 
650 |a Elecciones 
650 |a Cultura Política -  |z México 
910 |a Fondo General 
920 |a Impresos - Libros 
930 |a Colección General 
905 |a 101 
901 |a 070128  |b IT1  |c ACC  |i 070128  |u 20250521 
902 |a https://opac.biblio.iteso.mx/vufind/Record/000246536